L'enseignement de l'historie en Haiti / (Record no. 11230)
[ view plain ]
| 000 -LEADER | |
|---|---|
| campo de control de longitud fija | 01513cam a2200277M 4500 |
| 001 - NÚMERO DE CONTROL | |
| campo de control | 51355 |
| 005 - FECHA Y HORA DE LA ÚLTIMA TRANSACCIÓN | |
| campo de control | 20230410101628.0 |
| 008 - DATOS DE LONGITUD FIJA--INFORMACIÓN GENERAL | |
| campo de control de longitud fija | 751223s1950 mx 000 0 spa |
| 050 14 - SIGNATURA TOPOGRÁFICA DE LA BIBLIOTECA DEL CONGRESO | |
| Número de clasificación | 110 D 16.4 |
| Número de ítem | P935e 1950 |
| 100 1# - ENTRADA PRINCIPAL--NOMBRE DE PERSONA | |
| Nombre de persona | Pressoir, Catts |
| 245 12 - MENCIÓN DEL TÍTULO | |
| Título | L'enseignement de l'historie en Haiti / |
| Mención de responsabilidad, etc. | par Catts Pressoir. |
| 260 ## - PUBLICACIÓN, DISTRIBUCIÓN, ETC. | |
| Lugar de publicación, distribución, etc. | Mexico : |
| Nombre del editor, distribuidor, etc. | Instituto Panamericano de Geografia e Historia. Comisión de Historia, |
| Fecha de publicación, distribución, etc. | 1950. |
| 300 ## - DESCRIPCIÓN FÍSICA | |
| Extensión | xiii, 83 p. |
| Dimensiones | 25 cm. |
| 490 1# - MENCIÓN DE SERIE | |
| Mención de serie | Instituto Panamericano de Geografia e Historia. Comisión de Historia. [Publicacion] 16, Memorias sobre la enseñanza de la historia, 3 |
| 500 ## - NOTA GENERAL | |
| Nota general | Instituto Panamericano de Geografia e Historia. Publicación no. 102. |
| 650 #0 - PUNTO DE ACCESO ADICIONAL DE MATERIA--TÉRMINO DE MATERIA | |
| Término de materia o nombre geográfico como elemento de entrada | History |
| Subdivisión general | Study and teaching. |
| 651 #0 - PUNTO DE ACCESO ADICIONAL DE MATERIA--NOMBRE GEOGRÁFICO | |
| Nombre geográfico | Haiti |
| Subdivisión general | History |
| -- | Study and teaching. |
| 650 #4 - PUNTO DE ACCESO ADICIONAL DE MATERIA--TÉRMINO DE MATERIA | |
| Término de materia o nombre geográfico como elemento de entrada | CEH |
| 650 #4 - PUNTO DE ACCESO ADICIONAL DE MATERIA--TÉRMINO DE MATERIA | |
| Término de materia o nombre geográfico como elemento de entrada | Colección Estudios Haitianos |
| 830 #0 - PUNTO DE ACCESO ADICIONAL DE SERIE-TÍTULO UNIFORME | |
| Título uniforme | Publicación (Pan American Institute of Geography and History). |
| Nombre de parte o sección de la obra | Instituto Panamericano de Geografía e Historia, Comisión de Historia (Series) ; |
| Designación de volumen o secuencia | 16 |
| 810 2# - PUNTO DE ACCESO ADICIONAL DE SERIE--NOMBRE DE ENTIDAD CORPORATIVA | |
| Nombre de entidad corporativa o nombre de jurisdicción como elemento de entrada | Pan American Institute of Geography and History. |
| Unidad subordinada | Comisión de Historia. |
| Título de la obra | Memorias sobre la enseänanza de la historia ; |
| Designación de volumen o secuencia | 3. |
| 830 #0 - PUNTO DE ACCESO ADICIONAL DE SERIE-TÍTULO UNIFORME | |
| Título uniforme | Publicación (Pan American Institute of Geography and History) ; |
| Designación de volumen o secuencia | no. 102. |
| 830 #0 - PUNTO DE ACCESO ADICIONAL DE SERIE-TÍTULO UNIFORME | |
| Título uniforme | Publicación (Pan American Institute of Geography and History). |
| Nombre de parte o sección de la obra | Instituto Panamericano de Geografía e Historia, Comisión de Historia (Series) ; |
| Designación de volumen o secuencia | 16. Memorias sobre la ensenanza de la historia ; 3 |
| 942 ## - ELEMENTOS DE ENTRADA SECUNDARIOS (KOHA) | |
| Fuente del sistema de clasificación o colocación | Clasificación de Library of Congress |
| Tipo de ítem Koha | |
| 994 ## - | |
| -- | C0 |
| -- | DRFGD |
| Estatus retirado | Estado de pérdida | Fuente del sistema de clasificación o colocación | Estado de daño | No para préstamo | Colección | Biblioteca de origen | Biblioteca actual | Ubicación en estantería | Fecha de adquisición | Serial enumeration / chronology | Signatura topográfica completa | Código de barras | Visto por última vez | Copia número | Tipo de ítem Koha |
|---|---|---|---|---|---|---|---|---|---|---|---|---|---|---|---|
| Clasificación de Library of Congress | Recursos Regionales | Biblioteca Juan Bosch | Biblioteca Juan Bosch | Recursos Regionales (2do. Piso) | 10/04/2023 | 1 | 110 D 16.4 P935e 1950 | 00000052408 | 23/10/2018 | 1 |
